000 00950nam a2200253 4500
001 149088
003 ES-MaACL
005 20230906202937.0
007 t|
008 070214s1909 xxu r ||||1| eng d
100 1 _aSwanton, John Reed.
_9108924
245 1 0 _aTlingit myths and texts /
_crecorded by John R. Swanton.
260 _aWashington :
_bGovernment Printing Office,
_c1909.
300 _aVIII, 541 p. ;
_c24 cm.
490 1 _aBulletin / Smithsonian Institution, Bureau of American Ethnology ;
_v39
500 _aPrecede al tít.: Bureau of American Ethnology.
546 _aTextos en inglés y lengua tlingit.
650 4 _aLengua tlingit-
_vTextos.
_9147929
650 4 _aTlingit (Indios)
_9147930
710 2 _aSmithsonian Institution.
_bBureau of American Ethnology.
_96625
830 0 _aBulletin / Smithsonian Institution, Bureau of American Ethnology ;
_v39
_9183645
852 _aES-MaACL
_jG-15396
999 _c149088
_d149088